| 000 | 01051nam a2200253Ia 4500 | ||
|---|---|---|---|
| 003 | Ost | ||
| 005 | 20260507075125.0 | ||
| 008 | 260507s9999||||xx |||||||||||||| ||und|| | ||
| 040 | _cfsecg | ||
| 041 | _aara | ||
| 082 | _a330 | ||
| 100 |
_aرود بلانتين، فاليري _eمؤلف |
||
| 245 | 0 |
_aادارة المفاوضات : _bالإستراتيجيات-المهارات والأساليب / _c فاليري رود بلانتين |
|
| 260 |
_a[دون مكان]: _bدار التقدم العلمي, _c2006 |
||
| 300 |
_a159 صفحة؛ _c25 سم |
||
| 490 | _aسلسلة العلوم السياسية | ||
| 520 | _aالمفاوضات-المفاوضات والإدراك-الشخصية والسلوك في العملية التفاوضية-النزاع أسبابه وانعكاساته-آلية التفاوض وفنونه-التحالف | ||
| 653 | _aآلية التفاوض | ||
| 653 | _aالتحالف | ||
| 653 | _aالمفاوضات | ||
| 653 | _aالنزاع | ||
| 653 | _aمفاوضات الإدراك | ||
| 942 | _cكتاب | ||
| 999 |
_c43129 _d43129 |
||